000 00336nam a2200133Ia 4500
005 20251222144655.0
008 251222s9999||||xx |||||||||||||| ||spa||
020 _a968-16-3154-4
082 _a970.04/L67
100 _aLiss, Peggy K.
245 0 _aLos Imperios Trasatlánticos:
264 _bFondo de CulturaEconómica
942 _cLIB
999 _c17235
_d17235